书目信息 |
| 题名: |
第六感官——爱的气味
|
|
| 作者: | 柯蒂斯 著 ;张美惠 译 | |
| 分册: | ||
| 出版信息: | 北京 中国青年出版社 2000 |
|
| 页数: | 163页 | |
| 开本: | 21cm | |
| 丛书名: | 大视野文库 | |
| 单 册: | ||
| 中图分类: | Q579.1 | |
| 科图分类: | ||
| 主题词: | 性激素--研究 | |
| 电子资源: | ||
| ISBN: | 7-5006-3987-2 | |
| 000 | 01000nam2 2200277 450 | |
| 001 | 1560999312 | |
| 005 | 20150118165702.82 | |
| 010 | @a7-5006-3987-2@dCNY14.50 | |
| 100 | @a20021005d2000 kemy0chiy0110 ea | |
| 101 | 1 | @achi@ceng |
| 102 | @aCN@b110000 | |
| 105 | @aa z 000yy | |
| 200 | 1 | @a第六感官——爱的气味@9di liu gan guan — — ai de qi wei@f(美)蜜雪儿·柯蒂斯(Michelle Kodis)等著@g张美惠译 |
| 210 | @a北京@c中国青年出版社@d2000 | |
| 215 | @a163页@c图@d21cm | |
| 225 | 2 | @a大视野文库@i生命传奇丛书 |
| 330 | @a本书透过许多相关费洛蒙与感觉器官的科学报告及参考文献,对人类的第六感官提出新的见解,尤其是透过化学分子——费洛蒙来解释心理学上最令人百思不解的行为——一见钟情。 | |
| 461 | 0 | @12001 @a大视野文库 |
| 462 | 0 | @12001@a生命传奇丛书 |
| 510 | 1 | @aLove Scents@zeng |
| 606 | 0 | @a性激素@x研究 |
| 690 | @aQ579.1@v5 | |
| 701 | 1 | @c(美)@a柯蒂斯@9ke di si@c(Kodis, Michelle)@4著 |
| 702 | 0 | @a张美惠@9zhang mei hui@4译 |
| 801 | 0 | @aCN@bTSSF@c20150118 |
| 905 | @aZUCC@dQ579.1@eJY1 | |
| 第六感官——爱的气味/(美)蜜雪儿·柯蒂斯(Michelle Kodis)等著/张美惠译.-北京:中国青年出版社,2000 |
| 163页:图;21cm.-(大视野文库.生命传奇丛书) |
| ISBN 7-5006-3987-2:CNY14.50 |
| 本书透过许多相关费洛蒙与感觉器官的科学报告及参考文献,对人类的第六感官提出新的见解,尤其是透过化学分子——费洛蒙来解释心理学上最令人百思不解的行为——一见钟情。 |
| ● |
| 相关链接 |
|
|
|
|
正题名:第六感官——爱的气味
索取号:Q579.1/JY1
 
预约/预借
| 序号 | 登录号 | 条形码 | 馆藏地/架位号 | 状态 | 备注 |
| 1 | 7848661 | 278486611 | 学院路分馆/ [索取号:Q579.1/JY1] | 在馆 | |
| 2 | 7848662 | 278486620 | 学院路分馆/ [索取号:Q579.1/JY1] | 在馆 |